| 000 | 01920nim a22003255 4500 | ||
|---|---|---|---|
| 005 | 20230330113114.0 | ||
| 007 | sd fungnnuuneu | ||
| 008 | 221012s2022 nnnn ## n eng d | ||
| 020 |
_a9781797148519 (audiobook) _c39.99 |
||
| 040 |
_aCTMMSN _beng _erda _cCTMMSN |
||
| 082 | 0 | 4 | _a[FIC] |
| 092 |
_aAudiobook _bDumas |
||
| 100 |
_aDumas, Luke. _96459192 |
||
| 245 | 1 | 2 |
_aA History of Fear / _cLuke Dumas. |
| 250 | _aUnabridged. | ||
| 264 | 2 |
_aOld Saybrook, Connecticut : _bwww.micromarketing.org |
|
| 264 | 1 |
_a[Ashland, Oregon] : _b[Blackstone Audio], _c[2022]. |
|
| 300 |
_a9 sound discs (approximately 11.5 hours) : _bdigital, CD audio ; _c4 3/4 in. |
||
| 336 | _aspoken word | ||
| 337 | _aaudio | ||
| 338 | _aaudio disc | ||
| 500 | _a[Typographic symbols and accents removed for systems compatibility.] | ||
| 511 | 1 | _aRead by [TBD]. | |
| 520 | _a"An eerie literary suspense debut following the harrowing downfall of a tortured graduate student who's been nicknamed the Devil's Advocate for his sensational crime: murdering a classmate, then claiming the Devil made him do it. The Devil is in Scotland. Grayson Hale, the most infamous murderer in Scotland, is better known by a different name: the Devil's Advocate. The twenty-five-year-old American grad student rose to instant notoriety when he confessed to the slaughter of his classmate Liam Stewart, claiming the Devil made him do it. When Hale is found hanged in his prison cell, officers uncover a handwritten manuscript that promises to answer the question that's haunted the nation for years: was Hale a lunatic, or had he been telling the truth all along?"--Provided by publisher. | ||
| 650 | 0 |
_aGraduate students _vFiction. _95735774 |
|
| 655 | 7 |
_aAudiobooks. _2lcgft |
|
| 700 | 1 |
_a[TBD], _enarrator. _95885954 |
|
| 942 |
_2ddc _cAUDIOBOOK |
||
| 949 | _nwww.MicroMarketing.org 800-229-9887 | ||
| 999 |
_c379307 _d379307 |
||